000 00567nam a2200229Ia 4500
003 OSt
005 20220924153339.0
006 a|||||r|||| 00| 0
007 ta
008 220923b |||||||| |||| 00| 0 guj d
024 _a348027
037 _cTextual
040 _aARTS
_cARTS
_bguj
041 _2guj
_aguj
082 _aO156,3NSU,3, L2
100 _aSurti Aabid Au.
_9228606
245 0 _aDab
260 _c1972
650 _aGUJRATI LITERATURE
942 _hO156,3NSU,3, L2
_cTEXL
_2CC
999 _c473261
_d473261